000 01363cam a2200301 a 4500
999 _c127860
_d127860
001 14558012
003 ARRUPE
005 20180406105624.0
008 060919s2006 nyu 000 0 eng
010 _a 2006051669
020 _a0061229881
020 _a9780061229886
035 _a(OCoLC)ocm71779115
040 _aDLC
_cDLC
_dIG#
_dBAKER
_dJRZ
_dOCLCQ
_dYDXCP
_dBTCTA
_dBUR
_dDLC
050 0 0 _aBF637.S8
_bS438 2006
082 0 0 _a158.1
_222
100 1 _aSharma, Robin S.
_q(Robin Shilp),
_d1964-
_941309
245 1 4 _aThe greatness guide :
_cRobin Sharma.
260 _aLondon :
_bHarper Element,
_c2006.
300 _a221 p. ;
_c22 cm.
650 0 _aSuccess
_xPsychological aspects.
_913452
650 0 _aSuccess in business
_xPsychological aspects.
_941310
856 4 2 _3Contributor biographical information
_uhttp://www.loc.gov/catdir/enhancements/fy0911/2006051669-b.html
856 4 2 _3Publisher description
_uhttp://www.loc.gov/catdir/enhancements/fy0911/2006051669-d.html
906 _a7
_bcbc
_corignew
_d1
_eocip
_f20
_gy-gencatlg
942 _2lcc
_cMONOGRAPH